[Event "Bergisch Gladbach-ch 25th"]
[Site "Bergisch Gladbach"]
[Date "2003.10.15"]
[Round "6.10"]
[White "Alleroedder, Anke"]
[Black "Themm, Harald"]
[Result "0-1"]
[WhiteElo "1342"]
[BlackElo "1682"]
[PlyCount "122"]
[EventDate "2003.08.??"]
[EventType "swiss"]
[EventRounds "7"]
[EventCountry "GER"]
[SourceTitle "EXT 2005"]
[Source "ChessBase"]
[SourceDate "2004.11.15"]
[SourceVersion "1"]
[SourceVersionDate "2004.11.15"]
[SourceQuality "1"]

1. c4 c6 2. Nc3 d5 3. cxd5 cxd5 4. e4 dxe4 5. Qa4+ Nc6 6. Qxe4 Nf6 7. Qc2 g6 8. Nf3 Bg7 9. Bb5 Qb6 10. d4 0-0 11. Be3 Nb4 12. Qb3 Qd6 13. a3 Nbd5 14. Nxd5 Nxd5 15. Bc4 Rd8 16. Bxd5 Qxd5 17. Qxd5 Rxd5 18. h3 b6 19. Rc1 Ba6 20. Rc7 Bf6 21. b4 Bb5 22. g4 a5 23. g5 Bg7 24. Rxe7 axb4 25. Rb7 Rxa3 26. Rh2 b3 27. Bc1 b2 28. Rb8+ Bf8 29. Bxb2 Rxf3 30. Rxb6 Rb3 31. f4 Bb4+ 32. Kd1 Ba3 33. Bxa3 Rxa3 34. Rb2 Rxd4+ 35. Rd2 Rxd2+ 36. Kxd2 Bd7 37. h4 Rh3 38. Rd6 Be6 39. Rd4 Rxh4 40. Ke3 Rh1 41. Kf2 Bf5 42. Kg2 Re1 43. Kf3 Kg7 44. Rb4 h6 45. gxh6+ Kxh6 46. Rb2 Ra1 47. Rh2+ Kg7 48. Rd2 Rc1 49. Rb2 Rc3+ 50. Kf2 Rc2+ 51. Rxc2 Bxc2 52. Kg3 Kf6 53. Kg4 Bd1+ 54. Kg3 Kf5 55. Kh4 Kxf4 56. Kh3 g5 57. Kg2 f5 58. Kh3 Ke3 59. Kg3 f4+ 60. Kg2 Be2 61. Kg1 f3 0-1

[Event "Bergisch Gladbach-ch 24th"]
[Site "Bergisch Gladbach"]
[Date "2002.09.24"]
[Round "4"]
[White "Bosbach, Manfred"]
[Black "Alleroedder, Anke"]
[Result "1-0"]
[WhiteElo "1853"]
[BlackElo "1291"]
[PlyCount "41"]
[EventDate "2002.08.??"]
[EventType "swiss"]
[EventRounds "7"]
[EventCountry "GER"]
[SourceTitle "EXT 2005"]
[Source "ChessBase"]
[SourceDate "2004.11.15"]
[SourceVersion "1"]
[SourceVersionDate "2004.11.15"]
[SourceQuality "1"]

1. e4 e5 2. Nf3 d6 3. Bc4 Nf6 4. Ng5 d5 5. exd5 Nxd5 6. d4 f6 7. dxe5 fxg5 8. Bxd5 g4 9. Bf7+ Kxf7 10. Qxd8 Nc6 11. Qxc7+ Be7 12. 0-0 Rd8 13. Bg5 Rd7 14. e6+ Kxe6 15. Re1+ Kf7 16. Qf4+ Kg8 17. Qc4+ Kf8 18. Bxe7+ Rxe7 19. Nc3 Bd7 20. Nd5 Rxe1+ 21. Rxe1 1-0

[Event "Bergisch Gladbach-ch op"]
[Site "Bergisch Gladbach"]
[Date "2001.09.25"]
[Round "6"]
[White "Alleroedder, Anke"]
[Black "Floc'h, Sebastien"]
[Result "1/2-1/2"]
[WhiteElo "1279"]
[BlackElo "1621"]
[PlyCount "83"]
[EventDate "2001.08.17"]
[EventType "swiss"]
[EventRounds "7"]
[EventCountry "GER"]
[SourceTitle "EXT 2006"]
[Source "ChessBase"]
[SourceDate "2005.11.24"]
[SourceVersion "1"]
[SourceVersionDate "2005.11.24"]
[SourceQuality "1"]

1. c4 e5 2. Nc3 Nf6 3. e4 Bc5 4. a3 a5 5. Nf3 Nc6 6. d3 d6 7. h3 h6 8. Bd2 0-0 9. b4 axb4 10. axb4 Rxa1 11. Qxa1 Nxb4 12. Qb1 c6 13. Be2 Na6 14. Nh2 Qb6 15. Qxb6 Bxb6 16. Ng4 Nxg4 17. Bxg4 Bxg4 18. hxg4 Nc5 19. Ke2 Rb8 20. g5 hxg5 21. Bxg5 Ne6 22. Be3 Bxe3 23. Kxe3 Nc7 24. f4 exf4+ 25. Kxf4 b5 26. cxb5 Nxb5 27. Rb1 f6 28. d4 g5+ 29. Kg4 Re8 30. Nxb5 Rxe4+ 31. Kf5 Rf4+ 32. Ke6 cxb5 33. Rxb5 Rxd4 34. Kxf6 g4 35. Rg5+ Kf8 36. Rh5 Ke8 37. Ke6 Kd8 38. Rh7 Rd2 39. g3 Rd3 40. Rg7 Rxg3 41. Kxd6 Ke8 42. Ke5 1/2-1/2

[Event "Bergisch Gladbach-ch op"]
[Site "Bergisch Gladbach"]
[Date "2001.08.17"]
[Round "1"]
[White "Gutt, Oswald"]
[Black "Alleroedder, Anke"]
[Result "1-0"]
[WhiteElo "1824"]
[BlackElo "1279"]
[PlyCount "41"]
[EventDate "2001.08.17"]
[EventType "swiss"]
[EventRounds "7"]
[EventCountry "GER"]
[SourceTitle "EXT 2006"]
[Source "ChessBase"]
[SourceDate "2005.11.24"]
[SourceVersion "1"]
[SourceVersionDate "2005.11.24"]
[SourceQuality "1"]

1. e4 e5 2. Nf3 d6 3. d4 Nf6 4. Nc3 h6 5. dxe5 dxe5 6. Qxd8+ Kxd8 7. Nxe5 Be6 8. Be3 Bb4 9. f3 Nbd7 10. Nxd7 Nxd7 11. Bd2 a5 12. a3 Bxc3 13. Bxc3 Rg8 14. 0-0-0 Ke7 15. Be2 f5 16. exf5 Bxf5 17. Rhe1 Kf8 18. Bc4 Rh8 19. g4 Bg6 20. Rxd7 h5 21. Bxg7# 1-0

[Event "Bergisch Gladbach-ch 22nd"]
[Site "Bergisch Gladbach"]
[Date "2000.08.25"]
[Round "3"]
[White "Mertens, Norbert"]
[Black "Alleroedder, Anke"]
[Result "1-0"]
[WhiteElo "1683"]
[BlackElo "1201"]
[PlyCount "75"]
[EventDate "2000.08.??"]
[EventType "swiss"]
[EventRounds "7"]
[EventCountry "GER"]
[SourceTitle "EXT 2005"]
[Source "ChessBase"]
[SourceDate "2004.11.15"]
[SourceVersion "1"]
[SourceVersionDate "2004.11.15"]
[SourceQuality "1"]

1. e4 e5 2. Nf3 d6 3. Nc3 a6 4. d4 Bg4 5. Be2 Bxf3 6. Bxf3 Nf6 7. 0-0 h6 8. dxe5 dxe5 9. Qxd8+ Kxd8 10. Be3 Bd6 11. Rad1 Ke7 12. Be2 b5 13. f4 Nc6 14. Nd5+ Nxd5 15. exd5 Nb4 16. c3 Nc2 17. Bc1 Bc5+ 18. Kh1 e4 19. f5 Be3 20. h3 Bxc1 21. Rxc1 Ne3 22. Rf4 Nxd5 23. Rxe4+ Kf6 24. Bd3 Rhe8 25. Rce1 Rxe4 26. Rxe4 Rd8 27. Bc2 Ne7 28. Re2 Rd5 29. g4 c5 30. Kg2 Nc6 31. Kg3 a5 32. h4 c4 33. Kf4 g5+ 34. fxg6 fxg6 35. Bxg6 Ne5 36. g5+ hxg5+ 37. hxg5+ Kxg6 38. Rxe5 1-0